| 000 | 00887nam a2200277Ia 4500 | ||
|---|---|---|---|
| 001 | Para_7857 | ||
| 003 | CHAP | ||
| 008 | 220125s2001 xx 000 0 und d | ||
| 010 | _a206806 | ||
| 040 | _cCHAP | ||
| 090 | _aPA FOLLETO 3510 | ||
| 100 |
_aTarango Rivero, Socorro Héctor _9136564 |
||
| 245 |
_aBiología y cría de las catarinitas Harmonia axyridis y Olla v-nigrum / _c por Socorro Héctor Tarango Rivero y Francisco Javier Quiñones Pando |
||
| 260 |
_aDelicias, Chih. : _b INIFAP. Campo Experimental Delicias |
||
| 300 | _a39 p. | ||
| 440 |
_aFolleto técnico; 5 _9171690 |
||
| 650 |
_aHarmonia axyridis _952767 |
||
| 700 |
_aQuiñones Pando, Francisco Javier _993464 |
||
| 901 | _aPA FOLLETO 3510 | ||
| 902 | _aA | ||
| 905 | _a0000002001 an 0000000000 00 | ||
| 910 | _a2001 | ||
| 942 | _cPARA | ||
| 942 |
_cPARA _d1 |
||
| 999 |
_c206806 _d206806 |
||